00467nam a2200145Ia 4500008004100000100002100041245010100062245002100163260005900184260000900243300001000252650001800262650001500280856002600295170221s9999 xx 000 0 und d aIdo Prijana Hadi aLocal Media and Media Convergence a Case Study of Suara Surabaya Radio as an Interactive Media  cIdo Prijana Hadi bOnline Journal of Communication and Media Technologies c2013 a3 : 2 xCommunication xMedia Arts uhttp://www.ojcmt.net/